Statistics for Best 20 Movies of 2023

Click here to take the quiz!

General Stats

  • This quiz has been taken 25 times
  • The average score is 5 of 20

Answer Stats

Answer% Correct
Oppenheimer
100%
Poor Things
52%
Spider-Man Across the Spider-Verse
44%
Killers of the Flower Moon
40%
Guardians of the Galaxy Vol. 3
36%
The Holdovers
32%
American Fiction
28%
Past Lives
28%
Anatomy of a Fall
24%
John Wick: Chapter 4
24%
The Boy and the Heron
24%
The Zone of Interest
24%
Dungeons & Dragons Honor Among Thieves
16%
Godzilla Minus One
12%
Fallen Leaves
8%
Mission: Impossible - Dead Reckoning Part One
8%
Perfect Days
8%
About Dry Grasses
4%
The Taste of Things
4%
The Promised Land
0%

Score Distribution

Percentile by Number Answered

Percent of People with Each Score

Your Score History

You have not taken this quiz